01331nam a22002177a 4500003001700000005001700017008004100034020001800075040000700093041001200100082001700112100001900129245002400148250000800172260002900180300003000209365006300239520073700302650003601039700003801075St Aloysius Coll20251029111150.0251029b |||||||| |||| 00| 0 eng d a9789353502881 cAL aEnglish a616.89bBARA aDavid H Barlow aAbnormal psychology a8th aAustraliabCengagec2024 axxvi,745pbPBc26.5x21cm. 2Generala4225b₹812.00c₹d₹1015.00e20%f23/10/2025 aBalancing biological, psychological, social, and cultural approaches, this book S ground-breaking integrative approach is the most modern, scientifically valid method for studying abnormal psychology. Updated with leading-edge research findings, the eighth edition draws on the expertise of David H. Barlow, V. Mark Durand, and Stefan G hofmann, three internationally recognized experts in clinical psychology. In abnormal psychology: an integrative approach, the authors successfully blend sophisticated research with an accessible, engaging writing style. They go beyond simply describing different schools of thought on psychological disorders, exploring the interactions of the various forces that contribute to psychopathology. 2Abnormal PsychologyaPsychology aDurand, V MarkdHofmann, Stefan G